| 000 | 01867nam0a2200349 4500 | ||
|---|---|---|---|
| 001 | RU\NLR\bibl\1393425 | ||
| 005 | 20260405205836.0 | ||
| 021 |
_aRU _b2009-38842 _92358 |
||
| 035 | _a(nilc)RSL-KNO-004328948 | ||
| 035 | _a(NLR Aleph) 001385455 | ||
| 090 |
_a1128659 _c1128659 |
||
| 100 | _a20090515d2009 |||y0rusy50 ca | ||
| 101 | 0 | _arus | |
| 102 | _aRU | ||
| 105 | _ay ||||||||| | ||
| 200 | 1 |
_aПереходное излучение в двугранном угле _fА. В. Кольцов, А. В. Серов |
|
| 210 |
_aМосква _cФИАН _d2009 |
||
| 215 |
_a15 с. _cил. _d21 |
||
| 225 | 1 |
_aПрепринт _fРос. акад. наук, Физ. ин-т им. П. Н. Лебедева _v1 |
|
| 320 | _aБиблиогр.: с. 15 | ||
| 606 | 1 |
_aЗаряженные частицы релятивистские _xПереходное излучение _92120377 _3RU\NLR\auth\661584106 |
|
| 610 | 2 | _aФизико-математические науки -- Физика -- Физика атомного ядра и элементарных частиц -- Прохождение частиц через вещество -- Прохождение заряженных частиц через вещество -- Излучение электромагнитных волн при прохождении заряженных частиц через вещество -- Переходное излучение | |
| 686 |
_aВ386.143,09 _2rubbk |
||
| 686 | _aВ386.1 | ||
| 700 | 1 |
_4070 _7ca _8rus _aКольцов _bА. В. _cфизик _gАлександр Владимирович _975988 _3RU\NLR\auth\7793062 |
|
| 701 | 1 |
_aСеров _bА. В. _gАлександр Васильевич _4070 |
|
| 801 | 0 |
_aRU _bРГБ _c20090515 _grcr |
|
| 801 | 1 |
_aRU _bРГБ _c20090515 |
|
| 801 | 2 |
_aRU _bNLR _c20090717 _grcr |
|
| 942 | _cBOOK | ||
| 980 | _aNB | ||